Planificación ecorregional para la conservación de la biodiversidad en el pacífico continental colombiano (Registro nro. 6865)

Detalles MARC
000 -CABECERA
Campo de control 00919nam a2200277 a 4500
005 - FECHA Y HORA DE LA ULTIMA TRANSACCION
Campo de control 20180803165414.0
008 - ELEMENTOS DE LONGITUD FIJA—INFORMACION GENERAL
Campo de control 140217b2009 ck ||||| |||| 00| 0 spa d
041 ## - IDIOMA
Código de idioma para texto/pista de sonido o título separado Español
044 ## - PAÍS DE PUBLICACIÓN
País de publicación Colombia
090 ## - CLASIFICACIÓN LOCAL
Colección IAVH
Consecutivo 01323
100 ## - ASIENTO PRINCIPAL--NOMBRE PERSONAL
Nombre personal Galindo, Gustavo
245 ## - MENCION DE TITULO
Título Planificación ecorregional para la conservación de la biodiversidad en el pacífico continental colombiano
260 ## - PUBLICACION, DISTRIBUCION, ETC. (PIE DE IMPRENTA)
Lugar de publicación, distribución, etc. Bogotá
Nombre del editor, distribuidor, etc. IAVH
-- ANH
-- The Nature Conservancy
-- Ideam
Fecha de publicación, distribución, etc. 2009
300 ## - DESCRIPCION FISICA
Extensión 23 p.
650 ## - ASIENTO SECUNDARIO DE MATERIA - TERMINO TEMATICO
Término temático o nombre geográfico como elemento de entrada Areas de conservación
650 ## - ASIENTO SECUNDARIO DE MATERIA - TERMINO TEMATICO
Término temático o nombre geográfico como elemento de entrada Planificación regional
650 ## - ASIENTO SECUNDARIO DE MATERIA - TERMINO TEMATICO
Término temático o nombre geográfico como elemento de entrada Planificación ambiental
650 ## - ASIENTO SECUNDARIO DE MATERIA - TERMINO TEMATICO
Término temático o nombre geográfico como elemento de entrada Ecosistemas
650 ## - ASIENTO SECUNDARIO DE MATERIA - TERMINO TEMATICO
Término temático o nombre geográfico como elemento de entrada Ecosistemas amenazados
662 ## - ASIENTO SECUNDARIO DE MATERIA - JERARQUIA DEL NOMBRE DE LUGAR(
País o entidad mayor Colombia
Jurisdicción política intermedia Región Pacifica
700 ## - ASIENTO SECUNDARIO - NOMBRE PERSONAL
Nombre personal Palacios, Santiago
700 ## - ASIENTO SECUNDARIO - NOMBRE PERSONAL
Nombre personal Bernal, Néstor Ricardo
700 ## - ASIENTO SECUNDARIO - NOMBRE PERSONAL
Nombre personal Otero, Javier
700 ## - ASIENTO SECUNDARIO - NOMBRE PERSONAL
Nombre personal Betancourth, Juan Carlos
942 ## - ELEMENTOS ADICIONALES (KOHA)
Tipo de ítem Impreso
Sistema de clasificación Local
Existencias
Withdrawn status Lost status Sistema de Clasificación Damaged status No para préstamo Colección Ubicación Permanente Ubicación actual Fecha de adquisición Total Checkouts Número topográfico Inventario / Código de Barras Date last seen Ejemplar Price effective from Forma de adquisición Tipo de material Total Renewals Date checked out Inventariado Fuente de Valor Valor
    Dewey Decimal Classification     Humboldt Bogotá Bogotá 20/05/2009   IAVH-333.709 G15p 027058 04/12/2012 Ej. 1 04/12/2012 Institucional Libro          
    Dewey Decimal Classification     Humboldt Bogotá Bogotá 20/05/2009 2 IAVH-333.709 G15p 027059 11/02/2020 Ej. 2 04/12/2012 Institucional Libro 1 30/01/2020      
    Dewey Decimal Classification     Humboldt Sala Fabio Quevedo Sala Fabio Quevedo 18/07/2014   IAVH-333.709 G15p 027061 04/12/2012 Ej. 3 04/12/2012   Libro     Inventariado 2017 Instituto 40000.00
    Local     Referencia Villa de Leyva Villa de Leyva 20/05/2009   IAVH-01323 027060 04/12/2012 Ej. 1 04/12/2012   Libro